Fernando de Castro y su legado intelectual. (Record no. 47631)
[ view plain ]
| 000 -LEADER | |
|---|---|
| campo de control de longitud fija | 01357nam a2200289 i 4500 |
| 001 - NÚMERO DE CONTROL | |
| campo de control | 47631 |
| 003 - IDENTIFICADOR DE NÚMERO DE CONTROL | |
| campo de control | SpMaBN |
| 005 - FECHA Y HORA DE LA ÚLTIMA TRANSACCIÓN | |
| campo de control | 20250702170423.0 |
| 008 - DATOS DE LONGITUD FIJA--INFORMACIÓN GENERAL | |
| campo de control de longitud fija | 030304s2001 sp a |||| |dspa d |
| 080 ## - NÚMERO DE LA CLASIFICACIÓN DECIMAL UNIVERSAL | |
| Número de la Clasificación Decimal Universal | 929 Castro, Fernando de :37(063) |
| 080 ## - NÚMERO DE LA CLASIFICACIÓN DECIMAL UNIVERSAL | |
| Número de la Clasificación Decimal Universal | 1 Krause, Karl Christian Friedrich.073(460)(063) |
| 080 ## - NÚMERO DE LA CLASIFICACIÓN DECIMAL UNIVERSAL | |
| Número de la Clasificación Decimal Universal | 37(460)"18"(063) |
| 245 00 - MENCIÓN DEL TÍTULO | |
| Título | Fernando de Castro y su legado intelectual. |
| 260 ## - PUBLICACIÓN, DISTRIBUCIÓN, ETC. | |
| Lugar de publicación, distribución, etc. | [Madrid] : |
| Nombre del editor, distribuidor, etc. | Fundación Fernando de Castro : |
| -- | Fundación Beneficentia et Peritia Iuris, |
| Fecha de publicación, distribución, etc. | [2001] |
| 300 ## - DESCRIPCIÓN FÍSICA | |
| Extensión | 211 p. : |
| Otras características físicas | il. ; |
| Dimensiones | 24 cm. |
| 594 ## - Nota al título y mención de responsabilidad | |
| Nota al título y mención de responsabilidad | Recoge las ponencias de las Jornadas que, con el mismo título, organizaron el Colegio de Registradores y la Fundación Fernando de Castro, en la primavera de 2001. |
| 600 17 - PUNTO DE ACCESO ADICIONAL DE MATERIA--NOMBRE DE PERSONA | |
| Nombre de persona | Castro, Fernando de, |
| Fechas asociadas al nombre | 1814-1874- |
| Subdivisión de forma | Congresos y asambleas |
| Fuente del encabezamiento o término | |
| 9 (RLIN) | 169890 |
| 650 07 - PUNTO DE ACCESO ADICIONAL DE MATERIA--TÉRMINO DE MATERIA | |
| Término de materia o nombre geográfico como elemento de entrada | Krausismo- |
| Subdivisión geográfica | España- |
| Subdivisión de forma | Congresos y asambleas. |
| 9 (RLIN) | 169892 |
| 650 00 - PUNTO DE ACCESO ADICIONAL DE MATERIA--TÉRMINO DE MATERIA | |
| Término de materia o nombre geográfico como elemento de entrada | Enseñanza- |
| Subdivisión geográfica | España- |
| Subdivisión de forma | Congresos y asambleas. |
| 9 (RLIN) | 12284 |
| 710 2# - ENTRADA AGREGADA--NOMBRE DE ENTIDAD CORPORATIVA | |
| Nombre de entidad corporativa o nombre de jurisdicción como elemento de entrada | Fundación Fernando de Castro. |
| 9 (RLIN) | 169891 |
| 710 2# - ENTRADA AGREGADA--NOMBRE DE ENTIDAD CORPORATIVA | |
| Nombre de entidad corporativa o nombre de jurisdicción como elemento de entrada | Fundación Beneficentia et Perita Iuris. |
| 9 (RLIN) | 4232 |
| 710 2# - ENTRADA AGREGADA--NOMBRE DE ENTIDAD CORPORATIVA | |
| Nombre de entidad corporativa o nombre de jurisdicción como elemento de entrada | Colegio de Registradores de la Propiedad y Mercantiles de España. |
| 9 (RLIN) | 2938 |
| 852 ## - LOCALIZACIÓN | |
| Ubicación | ES-MaACL |
| Número de control de estantería | A-14564 |
| itemnumber | 49428 |
| Sublocalización o colección | R.152018 |
| Ubicación en estantería | Depósito 1 |
| Signatura antigua | Olim: N-7564 |
| Donativo/Legado | Donación: José Lázaro |
| 903 ## - NOMBRE PERSONAL DE DONANTE | |
| 9 | 234219 |
| a | Lázaro García, José |
| e | Donante |
| 942 ## - ELEMENTOS DE ENTRADA SECUNDARIOS (KOHA) | |
| Fuente del sistema de clasificación o colocación | Clasificación decimal universal |
| Tipo de ítem Koha | Libro impreso |
| Estatus retirado | Estado de pérdida | Fuente del sistema de clasificación o colocación | Estado de daño | No para préstamo | Biblioteca de origen | Biblioteca actual | Ubicación en estantería | Fecha de adquisición | Fuente de adquisición | Total de préstamos | Signatura topográfica completa | Código de barras | Visto por última vez | Precio de reemplazo | Tipo de ítem Koha |
|---|---|---|---|---|---|---|---|---|---|---|---|---|---|---|---|
| Clasificación decimal universal | Biblioteca del Ateneo de Madrid | Biblioteca del Ateneo de Madrid | Depósito 1 | 25/05/2005 | Donación | A-14564 | 1201684 | 23/02/2023 | 23/02/2023 | Libro impreso |
